Professional Practice (Record no. 3243)

MARC details
000 -LEADER
fixed length control field 00334nam a22001337a 4500
008 - FIXED-LENGTH DATA ELEMENTS--GENERAL INFORMATION
fixed length control field 250428b |||||||| |||| 00| 0 eng d
020 ## - INTERNATIONAL STANDARD BOOK NUMBER
ISBN 8121920922
100 ## - MAIN ENTRY--AUTHOR
Author JAIN, A.K Er
245 ## - TITLE STATEMENT
Title Professional Practice
260 ## - PUBLICATION, DISTRIBUTION, ETC. (IMPRINT)
Place of publication New Delhi
Name of publisher S. Chand & Company Limited
Date of publication 2001
300 ## - COLLATION
Pagination vi, 394p.
942 ## - ADDED ENTRY ELEMENTS (KOHA)
Item type Books
050 ## - LIBRARY OF CONGRESS CALL NUMBER
Classification number HD8038
Item number .J35
Holdings
Source of classification or shelving scheme Not for loan Permanent location Current location Date acquired Accession No. Full call number Barcode. Koha item type
Library of Congress Classification   Samuel Ogbemudia Main Library, University of Abuja Samuel Ogbemudia Main Library, University of Abuja 04/28/2025 2016-480199 HD8038.J35 2025-1694 Books